Лингводидактика для учителей основной школы (Запись № 12593916)

Подробности
000 -МАРКЕР
контрольное поле 03845nam0a2200373 4500
001 - ИДЕНТИФИКАТОР ЗАПИСИ
контрольное поле RU\NLR\BIBL_A\012904766
005 - ИДЕНТИФИКАТОР ВЕРСИИ
контрольное поле 20230314125236.0
010 ## - МЕЖДУНАРОДНЫЙ СТАНДАРТНЫЙ НОМЕР КНИГИ (ISBN)
Номер (ISBN) 978-5-6043389-4-0
Тираж 500
021 ## - НОМЕР ГОСУДАРСТВЕННОЙ РЕГИСТРАЦИИ
Код страны Российская Федерация
Номер КН-П-22-054489
Номер Листа государственной регистраци КН-П-22-4725
035 ## - ДРУГИЕ СИСТЕМНЫЕ НОМЕРА
Идентификатор записи (NLR Aleph) 012904766
035 ## - ДРУГИЕ СИСТЕМНЫЕ НОМЕРА
Идентификатор записи (RuMoRGB)011179676
100 ## - ДАННЫЕ ОБЩЕЙ ОБРАБОТКИ
Данные общей обработки 20221007d2019 u y0rusy50 ca
101 0# - ЯЗЫК РЕСУРСА
Язык текста, звукозаписи и т.д. русский
102 ## - СТРАНА ПУБЛИКАЦИИ ИЛИ ПРОИЗВОДСТВА
Страна публикации Российская Федерация
105 ## - ПОЛЕ КОДИРОВАННЫХ ДАННЫХ: ТЕКСТОВЫЕ МАТЕРИАЛЫ, МОНОГРАФИЧЕСКИЕ
Кодированные данные о монографическом текстовом документе a j 000zy
181 #0 - ПОЛЕ КОДИРОВАННЫХ ДАННЫХ: ВИД СОДЕРЖАНИЯ
Код вида содержания (ISBD) i3
Код характеристики содержания (ISBD) axxe
182 #0 - ПОЛЕ КОДИРОВАННЫХ ДАННЫХ: ТИП СРЕДСТВА
Код типа средства (ISBD) n - непосредственное
200 1# - ЗАГЛАВИЕ И СВЕДЕНИЯ ОБ ОТВЕТСТВЕННОСТИ
Основное заглавие Лингводидактика для учителей основной школы
Сведения, относящиеся к заглавию учебное пособие
-- для подготовки бакалавров-лингвистов по направлениям 45.03.02 "Лингвистика" и магистров - 45.04.02 "Лингвистика" по профилю обучения "Теория и методика преподавания иностранных языков и культур"
Первые сведения об ответственности Е. В. Егорова, Т. А. Лопатухина
203 ## - ВИД СОДЕРЖАНИЯ И ТИП СРЕДСТВА
Вид содержания Текст
Дополнительные сведения об издании визуальный
Тип средства непосредственный
210 ## - ПУБЛИКАЦИЯ, РАСПРОСТРАНЕНИЕ И ДР.
Место издания, распространения и т.д. Ростов-на-Дону
Имя издателя, распространителя и т. д. Беспамятнов С. В.
Дата издания, распространения и т.д. 2019
215 ## - ФИЗИЧЕСКАЯ ХАРАКТЕРИСТИКА
Специфическое обозначение материала и объем 125 с.
Другие сведения о физической характеристике ил., табл.
Размеры 21
320 ## - ПРИМЕЧАНИЯ О НАЛИЧИИ В ДОКУМЕНТЕ БИБЛИОГРАФИИ / УКАЗАТЕЛЯ
Текст примечания Библиогр.: с. 123-125 (39 назв.) и в подстроч. примеч.
330 ## - РЕЗЮМЕ ИЛИ РЕФЕРАТ
Текст примечания Концептуально-теоретической основой данного пособия является авторское представление учебной дисциплины "Лингводидактика" в виде интегративного сочетания предметного содержания таких дисциплин как педагогика, лингвистика, профессиональная лингводидактика, лингвистика текста, корпусная лингвистика на основе системно-структурного принципа смысловой обработки контента по уровням языка и по видам речевой деятельности, преломляемых в практике обучения через образовательные педагогические технологии, а также иноязычные образовательные технологии, образовательные парадигмы и педагогические каркасы, развивающие элементарную и функциональную грамотность обучающихся. Учебное пособие представляет ретроспективный анализ этапов развития лингводидактики и намечает прогностические возможности дальнейшего развития современной педагогической науки, связанной с формированием профессиональной компетентности учителей основной школы, обучающих как родному языку, так и иностранному языкам
606 1# - НАИМЕНОВАНИЕ ТЕМЫ КАК ПРЕДМЕТ
Наименование темы Лингводидактика
Формальный подзаголовок Учебные издания для высших учебных заведений
Код системы nlr_sh2
Идентификатор авторитетной/нормативной записи RU\NLR\AUTH\66636955
675 ## - УНИВЕРСАЛЬНАЯ ДЕСЯТИЧНАЯ КЛАССИФИКАЦИЯ (UDC/УДК)
Индекс 373.5.016:81(075.8)
Издание 4
686 1# - ИНДЕКСЫ ДРУГИХ КЛАССИФИКАЦИЙ
Индекс Ч426.11/17(2Р)я73
700 #1 - ИМЯ ЛИЦА - ПЕРВИЧНАЯ ОТВЕТСТВЕННОСТЬ
Начальный элемент ввода Егорова
Часть имени, кроме начального элемента ввода Е. В.
Дополнения к именам, кроме дат канд. пед. наук, лингвистика
Расширение инициалов личного имени Екатерина Владимировна
Идентификатор авторитетной/нормативной записи RU\NLR\AUTH\770160737
701 #1 - ИМЯ ЛИЦА - АЛЬТЕРНАТИВНАЯ ОТВЕТСТВЕННОСТЬ
Начальный элемент ввода Лопатухина
Часть имени, кроме начального элемента ввода Т. А.
Расширение инициалов личного имени Татьяна Александровна
Идентификатор авторитетной/нормативной записи RU\NLR\AUTH\770203523
942 ## - ДОПОЛНИТЕЛЬНЫЕ ЭЛЕМЕНТЫ ЗАПИСИ (АБИС)
Тип экземпляра АБИС Книга
980 ## - КОЛЛЕКЦИЯ
Название коллекции НБР
980 ## - КОЛЛЕКЦИЯ
Название коллекции Национальная библиография

Нет доступных экземпляров.